[Event "Bangabandhu-chT"]
[Site "Dhaka"]
[Date "2024.02.07"]
[Round "7.2"]
[White "Chowdhury, Sohel"]
[Black "Pranav, V."]
[Result "0-1"]
[WhiteElo "1941"]
[BlackElo "2611"]
[PlyCount "120"]
[EventDate "2024.02.01"]
[EventType "team-tourn"]
[EventRounds "11"]
[EventCountry "BAN"]
[SourceTitle "CB07_2024"]
[SourceDate "2024.02.14"]
[SourceVersion "1"]
[SourceVersionDate "2024.02.14"]
[SourceQuality "1"]
[WhiteTeam "Manha's Castle"]
[BlackTeam "Bangladesh Biman"]
[WhiteTeamCountry "BAN"]
[BlackTeamCountry "BAN"]

1. e4 e5 2. Nf3 Nc6 3. Bb5 a6 4. Ba4 d6 5. c3 Bd7 6. 0-0 g6 7. d4 Bg7 8. h3 Nf6 9. Re1 0-0 10. d5 Ne7 11. Bb3 h6 12. c4 Nh7 13. Nc3 f5 14. c5 Kh8 15. cxd6 cxd6 16. Be3 Nf6 17. exf5 gxf5 18. Kh2 Qe8 19. Nh4 Ng6 20. Nxg6+ Qxg6 21. g3 f4 22. Bc2 Qg5 23. Bb6 Rac8 24. Qd3 Qh5 25. gxf4 e4 26. Qg3 Rg8 27. Bd1 Qf7 28. Qh4 Rc4 29. Be3 Kh7 30. Rg1 b5 31. a3 a5 32. Be2 Rcc8 33. Bg4 Rce8 34. Rg2 Bf8 35. Bxd7 Rxg2+ 36. Kxg2 Nxd7 37. Kh1 Nf6 38. Rg1 b4 39. axb4 axb4 40. Ne2 Nxd5 41. Qg4 Bg7 42. b3 Rg8 43. f5 Nxe3 44. fxe3 Bf6 45. Qxe4 Re8 46. Qxb4 Rxe3 47. Qg4 Bg5 48. Rg2 Qxb3 49. Ng1 Qd5 50. f6 Kg6 51. Qd7 Rg3 52. Qe8+ Kxf6 53. Qf8+ Kg6 54. Qe8+ Kg7 55. Qd7+ Kf8 56. Nf3 Rxf3 57. Qc8+ Kg7 58. h4 Rf2 59. Qd7+ Kf8 60. Qc8+ Kf7 0-1

[Event "BAN-chB 47th"]
[Site "Dhaka"]
[Date "2022.10.30"]
[Round "4"]
[White "Md Abdul Kadir, Shawon"]
[Black "Chowdhury, Sohel"]
[Result "0-1"]
[WhiteElo "1788"]
[BlackElo "2036"]
[PlyCount "38"]
[EventDate "2022.10.27"]
[EventType "swiss"]
[EventRounds "11"]
[EventCountry "BAN"]
[SourceTitle "EXT 2024"]
[Source "ChessBase"]
[SourceDate "2023.10.10"]
[SourceVersion "1"]
[SourceVersionDate "2023.10.10"]
[SourceQuality "1"]

1. e4 c5 2. Nf3 e6 3. Nc3 a6 4. d4 cxd4 5. Nxd4 Qc7 6. a3 Nf6 7. Be2 b5 8. Bf3 Bb7 9. Qd3 d6 10. Bg5 Nbd7 11. 0-0 Ne5 12. Qe2 Be7 13. Rfd1 0-0 14. Bc1 d5 15. exd5 Nxf3+ 16. Nxf3 Nxd5 17. Ne4 h6 18. Re1 Rfd8 19. Nd4 Nf6 0-1

[Event "Dhaka Chowdhury Memorial op-A 2nd"]
[Site "Dhaka"]
[Date "2022.07.06"]
[Round "5"]
[White "Chowdhury, Sohel"]
[Black "Mohammad, Minhaz Uddin"]
[Result "0-1"]
[WhiteElo "2015"]
[BlackElo "2260"]
[PlyCount "106"]
[EventDate "2022.07.02"]
[EventType "swiss"]
[EventRounds "8"]
[EventCountry "BAN"]
[SourceTitle "EXT 2023"]
[Source "ChessBase"]
[SourceDate "2022.10.05"]
[SourceVersion "1"]
[SourceVersionDate "2022.10.05"]
[SourceQuality "1"]

1. e4 e5 2. Nf3 Nf6 3. Nxe5 d6 4. Nf3 Nxe4 5. d4 d5 6. Bd3 Nc6 7. 0-0 Be7 8. c4 Nb4 9. cxd5 Qxd5 10. Nc3 Nxc3 11. bxc3 Nxd3 12. Qxd3 0-0 13. c4 Qh5 14. Ba3 Bf5 15. Qe3 Bxa3 16. Qxa3 Be4 17. Rfe1 Bxf3 18. Qxf3 Qxf3 19. gxf3 Rfe8 20. Re3 Kf8 21. Rb1 b6 22. d5 Re7 23. a4 Rae8 24. Rbe1 f5 25. Kg2 Kf7 26. h4 Kf6 27. Kg3 h6 28. Kg2 Re5 29. R1e2 f4 30. Re4 Kf5 31. Rxe5+ Rxe5 32. Rc2 Kf6 33. a5 Ke7 34. axb6 axb6 35. Kh3 h5 36. Kg2 Kd6 37. Kf1 g5 38. hxg5 Rxg5 39. Rc1 h4 40. Ke2 h3 41. Rh1 Rh5 42. Kd3 h2 43. Ke4 Rh4 44. Kd4 Rh8 45. Ke4 Kc5 46. Kxf4 Kxc4 47. Ke5 Kd3 48. f4 Ke2 49. f5 Kxf2 50. f6 Kg2 51. Rxh2+ Kxh2 52. Ke6 b5 53. Kd7 b4 0-1

[Event "BAN-chT"]
[Site "Dhaka"]
[Date "2022.03.10"]
[Round "1.5"]
[White "Mollah Abdullah, Al Rakib"]
[Black "Chowdhury, Sohel"]
[Result "1-0"]
[WhiteElo "2415"]
[BlackElo "2065"]
[PlyCount "111"]
[EventDate "2022.03.10"]
[EventType "team-tourn"]
[EventRounds "11"]
[EventCountry "BAN"]
[SourceTitle "CBM 207 Extra"]
[Source "ChessBase"]
[SourceDate "2022.05.31"]
[SourceVersion "1"]
[SourceVersionDate "2022.05.31"]
[SourceQuality "1"]
[WhiteTeam "Bangladesh Police"]
[BlackTeam "Manha's Castle"]
[WhiteTeamCountry "BAN"]
[BlackTeamCountry "BAN"]

1. d4 d5 2. Nf3 Nf6 3. Bg5 e6 4. e3 Be7 5. Nbd2 h6 6. Bh4 0-0 7. Bd3 c5 8. c3 Nc6 9. dxc5 Bxc5 10. e4 dxe4 11. Nxe4 Be7 12. Bxf6 Bxf6 13. Qe2 Be7 14. 0-0 Qc7 15. Rfe1 b6 16. Ng3 Bd6 17. Rad1 Bb7 18. Qe4 g6 19. Qg4 Bxg3 20. hxg3 Ne7 21. Ne5 Rad8 22. Qf4 Kg7 23. Nxg6 Qxf4 24. Nxf4 Rd6 25. Nh5+ Kh8 26. Bc2 Rfd8 27. Rxd6 Rxd6 28. Rd1 Rxd1+ 29. Bxd1 Bd5 30. b3 Be4 31. Nf6 Bb1 32. a3 Kg7 33. Ne8+ Kf8 34. Nd6 Nd5 35. c4 Nc3 36. Bh5 f6 37. b4 Bd3 38. c5 bxc5 39. bxc5 Ne4 40. Nxe4 Bxe4 41. Bf3 Bxf3 42. gxf3 Ke7 43. Kg2 Kd7 44. Kh3 Kc6 45. Kh4 Kxc5 46. Kh5 a5 47. Kxh6 a4 48. g4 Kc4 49. f4 Kb3 50. g5 fxg5 51. fxg5 Kxa3 52. g6 Kb2 53. g7 a3 54. g8Q a2 55. Qxe6 a1Q 56. Qe5+ 1-0

[Event "Dhaka Al Mahmud Memorial"]
[Site "Dhaka"]
[Date "2022.02.10"]
[Round "6"]
[White "Anata, Choudhury"]
[Black "Chowdhury, Sohel"]
[Result "1-0"]
[WhiteElo "2170"]
[BlackElo "2046"]
[PlyCount "71"]
[EventDate "2022.02.05"]
[EventType "swiss"]
[EventRounds "9"]
[EventCountry "BAN"]
[SourceTitle "CBM 206 Extra"]
[Source "ChessBase"]
[SourceDate "2022.03.31"]
[SourceVersion "1"]
[SourceVersionDate "2022.03.31"]
[SourceQuality "1"]

1. e4 c5 2. Nf3 e6 3. d4 cxd4 4. Nxd4 a6 5. c4 Nf6 6. Nc3 Qc7 7. Be2 d6 8. 0-0 Nbd7 9. f4 b6 10. Qd3 Bb7 11. b4 Rc8 12. Bb2 Be7 13. Rac1 0-0 14. g4 Qb8 15. g5 Ne8 16. Qh3 g6 17. Qh6 e5 18. Nc2 Ng7 19. Ne3 Rfe8 20. Bg4 Bf8 21. Qh3 Ne6 22. Bxe6 fxe6 23. f5 exf5 24. exf5 gxf5 25. Qxf5 Re7 26. Ncd5 Rg7 27. h4 Re8 28. Ng4 Kh8 29. Nh6 Bxd5 30. cxd5 Rge7 31. Nf7+ Kg8 32. g6 hxg6 33. Qxg6+ Bg7 34. Ng5 Nf8 35. Rxf8+ Kxf8 36. Rf1+ 1-0

[Event "Dhaka Al Mahmud Memorial"]
[Site "Dhaka"]
[Date "2022.02.07"]
[Round "3"]
[White "Chowdhury, Sohel"]
[Black "Rahman, Ziaur"]
[Result "0-1"]
[WhiteElo "2046"]
[BlackElo "2417"]
[PlyCount "179"]
[EventDate "2022.02.05"]
[EventType "swiss"]
[EventRounds "9"]
[EventCountry "BAN"]
[SourceTitle "CBM 206 Extra"]
[Source "ChessBase"]
[SourceDate "2022.03.31"]
[SourceVersion "1"]
[SourceVersionDate "2022.03.31"]
[SourceQuality "1"]

1. e4 c5 2. Nc3 Nc6 3. g3 g6 4. Bg2 Bg7 5. d3 d6 6. Be3 Rb8 7. Qd2 b5 8. Nge2 b4 9. Nd1 e5 10. 0-0 Nge7 11. Bh6 0-0 12. Bxg7 Kxg7 13. a3 a5 14. axb4 axb4 15. Ne3 Nd4 16. f4 f6 17. Rad1 Be6 18. c3 Nxe2+ 19. Qxe2 exf4 20. Rxf4 bxc3 21. bxc3 Qa5 22. Qd2 Rb3 23. Rc1 Rfb8 24. Rf2 Rb1 25. Rcf1 R8b2 26. Qxb2 Rxb2 27. Rxb2 Qxc3 28. Rb7 Kf7 29. Nd5 Bxd5 30. exd5 f5 31. Rd7 Qe5 32. Rb1 Kf6 33. Rb6 Qe3+ 34. Kf1 Qxd3+ 35. Kf2 Qd2+ 36. Kf1 Ng8 37. Rdxd6+ Kg5 38. Re6 c4 39. Rbc6 c3 40. Re2 Qd1+ 41. Kf2 Nf6 42. Bf3 Qd4+ 43. Re3 Qd2+ 44. Re2 Qd4+ 45. Re3 f4 46. h4+ Kh6 47. gxf4 Qxf4 48. Rexc3 Nxd5 49. R3c4 Qe3+ 50. Kg3 Qg1+ 51. Kh3 Qf1+ 52. Kg3 Qe1+ 53. Kh3 Qe3 54. Kg3 Qe5+ 55. Kh3 Nf4+ 56. Kg3 Nd3+ 57. Kg2 Qb2+ 58. Kh3 Ne5 59. Rc2 Qb1 60. Kg2 Nxc6 61. Rxc6 Qb2+ 62. Kh3 Qf2 63. Kg4 Qh2 64. Re6 Qg1+ 65. Kh3 Qf2 66. Kg4 Qd4+ 67. Re4 Qd6 68. Kh3 Kg7 69. Kg2 h6 70. Re2 Kf6 71. Re4 Kf5 72. Re8 Qd2+ 73. Re2 Qf4 74. h5 g5 75. Rf2 Qh4 76. Bd5+ Ke5 77. Bf7 g4 78. Bg6 Qh3+ 79. Kg1 Qg3+ 80. Kf1 Kd6 81. Rd2+ Ke7 82. Rd3 Qh2 83. Re3+ Kf6 84. Re2 Qh1+ 85. Kf2 Kg5 86. Re5+ Kh4 87. Re3 Qh2+ 88. Kf1 g3 89. Re4+ Kg5 90. Re3 0-1

[Event "BAN-chB 46th"]
[Site "Dhaka"]
[Date "2021.12.23"]
[Round "9"]
[White "Chowdhury, Sohel"]
[Black "Ahmed, Walijah"]
[Result "1/2-1/2"]
[WhiteElo "2076"]
[BlackElo "1919"]
[PlyCount "76"]
[EventDate "2021.12.15"]
[EventType "swiss"]
[EventRounds "9"]
[EventCountry "BAN"]
[SourceTitle "CBM 206 Extra"]
[Source "ChessBase"]
[SourceDate "2022.03.31"]
[SourceVersion "1"]
[SourceVersionDate "2022.03.31"]
[SourceQuality "1"]

1. e4 c5 2. Nc3 Nc6 3. g3 g6 4. Bg2 Bg7 5. d3 d6 6. Be3 e6 7. Qd2 Rb8 8. Nge2 Nd4 9. Nc1 b5 10. Nd1 b4 11. c3 bxc3 12. bxc3 Nc6 13. 0-0 Nge7 14. Bh6 0-0 15. Bxg7 Kxg7 16. f4 d5 17. Qf2 Qb6 18. Ne3 Rd8 19. Nb3 f5 20. exf5 exf5 21. Nxc5 d4 22. cxd4 Rxd4 23. Rac1 Kg8 24. Rfd1 Ba6 25. Nxa6 Qxa6 26. Nc4 Rbd8 27. Qe2 Kf7 28. Bf1 Qb5 29. Re1 Qd5 30. Ne5+ Nxe5 31. Qxe5 Qxe5 32. Rxe5 R8d7 33. Kf2 Ra4 34. Rc2 Nd5 35. d4 Rxd4 36. Bc4 Kf8 37. Bxd5 R4xd5 38. Rc8+ Rd8 1/2-1/2

[Event "BAN-chB 46th"]
[Site "Dhaka"]
[Date "2021.12.21"]
[Round "7"]
[White "Chowdhury, Sohel"]
[Black "Bhuiyan, Golam Mostafa"]
[Result "0-1"]
[WhiteElo "2076"]
[BlackElo "2120"]
[PlyCount "122"]
[EventDate "2021.12.15"]
[EventType "swiss"]
[EventRounds "9"]
[EventCountry "BAN"]
[SourceTitle "CBM 206 Extra"]
[Source "ChessBase"]
[SourceDate "2022.03.31"]
[SourceVersion "1"]
[SourceVersionDate "2022.03.31"]
[SourceQuality "1"]

1. e4 c5 2. Nc3 Nc6 3. g3 g6 4. Bg2 Bg7 5. d3 e6 6. Be3 b6 7. Qd2 Bb7 8. Nh3 Nd4 9. Nd1 h6 10. c3 Nc6 11. 0-0 Nge7 12. d4 d6 13. Rc1 Qc7 14. f4 Na5 15. b3 f5 16. e5 Rd8 17. Qf2 dxe5 18. dxe5 Nd5 19. Bd2 0-0 20. Nb2 Ba6 21. Rfd1 Rfe8 22. Kh1 Bf8 23. Ng1 Rd7 24. c4 Nb4 25. Bxb4 cxb4 26. Rxd7 Qxd7 27. Rd1 Qc7 28. Qd2 Bc8 29. Nf3 Nc6 30. h4 Rd8 31. Qe2 Be7 32. Kh2 Bb7 33. Rd3 Kg7 34. Qd2 Bc8 35. Nd4 Nxd4 36. Rxd4 Rxd4 37. Qxd4 g5 38. hxg5 hxg5 39. Nd3 g4 40. Kg1 Bb7 41. Bxb7 Qxb7 42. Qe3 Kf7 43. Kh2 Kg6 44. Kg1 Qc6 45. Nf2 Bc5 46. Qd3 Kf7 47. Kf1 Ke7 48. Qd1 a5 49. Qd3 a4 50. Qd1 axb3 51. axb3 Qa8 52. Qe2 Ke8 53. Qd1 Qa2 54. Nd3 Bd4 55. Ke1 Qg2 56. Qe2 Qxg3+ 57. Kd1 Qg1+ 58. Kc2 Qa1 59. Nxb4 Qc3+ 60. Kd1 Qxb4 61. Qa2 Qa5 0-1

[Event "BAN-chB 46th"]
[Site "Dhaka"]
[Date "2021.12.16"]
[Round "2"]
[White "Mohammad, Minhaz Uddin"]
[Black "Chowdhury, Sohel"]
[Result "1/2-1/2"]
[WhiteElo "2259"]
[BlackElo "2076"]
[PlyCount "55"]
[EventDate "2021.12.15"]
[EventType "swiss"]
[EventRounds "9"]
[EventCountry "BAN"]
[SourceTitle "CBM 206 Extra"]
[Source "ChessBase"]
[SourceDate "2022.03.31"]
[SourceVersion "1"]
[SourceVersionDate "2022.03.31"]
[SourceQuality "1"]

1. e4 c5 2. Nf3 e6 3. d4 cxd4 4. Nxd4 a6 5. Be2 Nf6 6. Nc3 Qc7 7. 0-0 Bb4 8. Qd3 Nc6 9. Nxc6 bxc6 10. a3 Be7 11. f4 d6 12. Qg3 g6 13. e5 Nd7 14. exd6 Bxd6 15. Ne4 Be7 16. b4 0-0 17. Bb2 f6 18. Qb3 Nb6 19. f5 Nd5 20. fxg6 hxg6 21. Rae1 Kg7 22. g3 e5 23. c4 Qa7+ 24. Rf2 Ne3 25. c5 Nd5 26. Bc4 Be6 27. Nc3 Rad8 28. Ne4 1/2-1/2